| 000 | 00548cam a2200169 i 4500 | ||
|---|---|---|---|
| 005 | 20260204104445.0 | ||
| 008 | 250721s1999 le gr 000 0 ara d | ||
| 082 | 1 | 4 |
_a398.91 _bي ع ق |
| 100 | 1 |
_aيعقوب، إميل بديع _eمعد. |
|
| 245 | 1 | 2 |
_aالأمثال الشعبية اللبنانية / _cالدكتور إميل بديع يعقوب. |
| 264 | 3 | 1 |
_aبيروت : _bجروس برس، _c1999. |
| 300 | _a200 صفحة. | ||
| 650 | 1 | 7 | _aالأمثال. |
| 650 | 1 | 7 | _aلبنان. |
| 942 |
_2ddc _cBK |
||
| 999 |
_c28201 _d28201 |
||